[Event "Thessaloniki White Tower op-A 44th"]
[Site "Thessaloniki"]
[Date "2024.01.05"]
[Round "6"]
[White "Dorfanis, Ilarion"]
[Black "Papageorgiou, Ioannis2"]
[Result "1/2-1/2"]
[WhiteElo "2138"]
[BlackElo "1869"]
[PlyCount "102"]
[EventDate "2024.01.02"]
[EventType "swiss"]
[EventRounds "9"]
[EventCountry "GRE"]
[SourceTitle "CB02_2024"]
[SourceDate "2024.01.10"]
[SourceVersion "1"]
[SourceVersionDate "2024.01.10"]
[SourceQuality "1"]

1. e4 c5 2. Nf3 e6 3. d4 cxd4 4. Nxd4 a6 5. Bd3 Nf6 6. 0-0 Qc7 7. Qe2 d6 8. Kh1 g6 9. f4 Nc6 10. Nxc6 bxc6 11. b3 Bg7 12. Bb2 0-0 13. c4 d5 14. Be5 Qa7 15. Nd2 Nd7 16. Bxg7 Kxg7 17. exd5 exd5 18. cxd5 cxd5 19. Rac1 Nf6 20. f5 Bd7 21. Nf3 Rae8 22. Qb2 Re3 23. Rcd1 Rxd3 24. Rxd3 Bb5 25. Ne5 Bxd3 26. Nxd3 d4 27. Rf4 Rd8 28. fxg6 fxg6 29. Qf2 Rd6 30. Qe1 Qf7 31. h3 Qe8 32. Qb4 Qd7 33. Qc5 Rd5 34. Qc4 Qd6 35. b4 Nh5 36. Rf3 Rf5 37. Rxf5 Ng3+ 38. Kg1 Nxf5 39. Qc5 Qe6 40. Qe5+ Qxe5 41. Nxe5 Kf6 42. Nc6 h5 43. g4 hxg4 44. hxg4 Ne3 45. Nxd4 Nxg4 46. Nc6 Ke6 47. Nb8 a5 48. bxa5 Kd6 49. Na6 Ne5 50. Nb4 Nc6 51. a6 Na7 1/2-1/2

[Event "GRE CupT 40th f/16"]
[Site "Greece"]
[Date "2022.06.19"]
[Round "1.2"]
[White "Balaskas, Nikolaos"]
[Black "Dorfanis, Ilarion"]
[Result "1/2-1/2"]
[WhiteElo "2119"]
[BlackElo "2139"]
[PlyCount "161"]
[EventDate "2022.06.19"]
[EventType "team-k.o."]
[EventRounds "1"]
[EventCountry "GRE"]
[SourceTitle "EXT 2024"]
[Source "ChessBase"]
[SourceDate "2023.10.10"]
[SourceVersion "1"]
[SourceVersionDate "2023.10.10"]
[SourceQuality "1"]

1. e4 c5 2. Nc3 d6 3. g3 Nc6 4. Bg2 g6 5. d3 Bg7 6. Be3 Nd4 7. Nge2 Bg4 8. h3 Bxe2 9. Nxe2 Nxe2 10. Kxe2 Bxb2 11. Rb1 Bc3 12. Rxb7 Nf6 13. Qb1 0-0 14. Qb3 Ba5 15. Rb5 Rc8 16. Rd1 Bb6 17. Qb2 Qc7 18. Kf1 Rfe8 19. a4 Rb8 20. Rb1 Nd7 21. Bh6 e5 22. Qa2 a6 23. R5b2 Ba5 24. Rxb8 Rxb8 25. Rxb8+ Qxb8 26. Kg1 Qb7 27. Bf1 Nb6 28. h4 Qd7 29. d4 cxd4 30. Bxa6 Qc6 31. Bd3 Qxa4 32. Qxa4 Nxa4 33. Bc4 Bd8 34. Kf1 Bf6 35. Ke2 Bg7 36. Bd2 Kf8 37. Bb4 Ke7 38. Bb3 Nb6 39. c3 dxc3 40. Bxc3 Bh6 41. Bb4 Bc1 42. f3 Bb2 43. f4 Bd4 44. Kf3 Nd7 45. Ba4 Nf6 46. Bc6 h5 47. Bb7 Ng4 48. Bc8 Nf6 49. Bb7 Nd7 50. Bc6 Nb6 51. Bb5 Nd7 52. Bc6 f5 53. Bb7 Nf6 54. fxe5 Bxe5 55. exf5 gxf5 56. Bc8 Nd7 57. Bd2 Kd8 58. Ba6 Nc5 59. Bb5 Ne6 60. Bd3 Nd4+ 61. Kg2 Ke7 62. Be3 Kf6 63. Bxd4 Bxd4 64. Be2 Kg6 65. Bc4 Bc3 66. Kf3 Kf6 67. Kg2 Be1 68. Be2 Kg6 69. Bf3 f4 70. gxf4 Bxh4 71. Be4+ Kh6 72. Kh3 Bf6 73. Bf3 Bc3 74. Be4 Be1 75. Bd5 Kg6 76. Be4+ Kf6 77. Bf3 h4 78. Kg4 Bf2 79. Ba8 Ke6 80. f5+ Kf6 81. Bh1 1/2-1/2

[Event "GRE-chT2 48th"]
[Site "Thessaloniki"]
[Date "2021.10.09"]
[Round "6.4"]
[White "Dorfanis, Ilarion"]
[Black "Kalogridis, Antonios"]
[Result "0-1"]
[WhiteElo "2151"]
[BlackElo "2275"]
[PlyCount "62"]
[EventDate "2021.10.05"]
[EventType "team-swiss"]
[EventRounds "7"]
[EventCountry "GRE"]
[SourceTitle "CBM 204 Extra"]
[Source "ChessBase"]
[SourceDate "2021.11.30"]
[SourceVersion "1"]
[SourceVersionDate "2021.11.30"]
[SourceQuality "1"]
[WhiteTeam "Kalamarias ES"]
[BlackTeam "Thessaloniki Aris"]
[WhiteTeamCountry "GRE"]
[BlackTeamCountry "GRE"]

1. e4 c6 2. d4 d5 3. exd5 cxd5 4. c4 Nf6 5. Nc3 g6 6. Qb3 Bg7 7. cxd5 0-0 8. Nf3 Nbd7 9. d6 exd6 10. Be2 Nb6 11. 0-0 Be6 12. Qd1 Rc8 13. h3 Re8 14. Bb5 Re7 15. Re1 a6 16. Bf1 Rec7 17. g3 Nfd5 18. Bd2 Nc4 19. Nxd5 Bxd5 20. Bc3 b5 21. a3 a5 22. Nd2 Nxd2 23. Qxd2 Qf6 24. Bg2 Bxg2 25. Kxg2 h5 26. h4 Rc4 27. Re2 Qf5 28. Rae1 b4 29. axb4 axb4 30. Re8+ Kh7 31. Bxb4 Rxd4 0-1

[Event "Thessaloniki Vardaris op 5th"]
[Site "Thessaloniki"]
[Date "2019.03.10"]
[Round "6"]
[White "Spyropoulos, Nikolaos"]
[Black "Dorfanis, Ilarion"]
[Result "1-0"]
[WhiteElo "2385"]
[BlackElo "2142"]
[PlyCount "93"]
[EventDate "2019.03.07"]
[EventType "swiss"]
[EventRounds "7"]
[EventCountry "GRE"]
[SourceTitle "CBM 189 Extra"]
[Source "ChessBase"]
[SourceDate "2019.06.03"]
[SourceVersion "1"]
[SourceVersionDate "2019.06.03"]
[SourceQuality "1"]

1. e4 c5 2. Nf3 d6 3. d4 Nf6 4. Nc3 cxd4 5. Nxd4 a6 6. Be2 e5 7. Nf3 h6 8. Nd2 Nc6 9. Nc4 Nd4 10. Bd3 Bg4 11. f3 Be6 12. Ne3 Be7 13. 0-0 0-0 14. Ncd5 Nxd5 15. exd5 Bd7 16. c3 Nb5 17. Nc4 Bg5 18. a4 Na7 19. a5 Nc8 20. Ne3 Ne7 21. c4 Rc8 22. Qe2 f5 23. Ra3 Ng6 24. Bb1 Qc7 25. Rb3 Nf4 26. Qe1 Ng6 27. Rb6 Rb8 28. b3 Ne7 29. b4 Nc8 30. c5 Nxb6 31. axb6 Qc8 32. Nc4 dxc5 33. Nd6 Qd8 34. bxc5 Bb5 35. Nxb5 Bxc1 36. Nd6 Bb2 37. Qb4 Bd4+ 38. Kh1 Qf6 39. Bxf5 g6 40. Be6+ Kg7 41. Rd1 Qf4 42. Ne4 Qe3 43. c6 Rbe8 44. c7 Rxf3 45. c8Q Rxc8 46. Qe7+ Kh8 47. Nf6 1-0

[Event "EU-Cup 34th"]
[Site "Porto Carras"]
[Date "2018.10.13"]
[Round "2.6"]
[White "Dorfanis, Ilarion"]
[Black "Dinev, Dejan"]
[Result "0-1"]
[WhiteElo "2135"]
[BlackElo "2284"]
[PlyCount "146"]
[EventDate "2018.10.12"]
[EventType "team-swiss"]
[EventRounds "7"]
[EventCountry "GRE"]
[SourceTitle "CBM 187"]
[Source "ChessBase"]
[SourceDate "2018.12.11"]
[SourceVersion "1"]
[SourceVersionDate "2018.12.11"]
[SourceQuality "1"]
[WhiteTeam "Thessaloniki ES"]
[BlackTeam "Gambit Asseco See"]
[WhiteTeamCountry "GRE"]
[BlackTeamCountry "MKD"]

1. d4 d5 2. c4 e6 3. Nf3 Nf6 4. g3 Be7 5. Bg2 0-0 6. 0-0 Nc6 7. b3 Ne4 8. Bb2 f5 9. Nbd2 Bd7 10. Rc1 a5 11. Ne5 Nxe5 12. dxe5 Bc6 13. cxd5 exd5 14. Nf3 Be8 15. Nd4 Ra6 16. Qd3 Rh6 17. f3 Nc5 18. Qc2 Qc8 19. Rcd1 c6 20. Ba3 b6 21. Bc1 Rg6 22. Kh1 Bd7 23. a3 Kh8 24. Be3 Qb8 25. Bf4 Qb7 26. Bh3 Qc8 27. Rc1 Na6 28. Qb2 c5 29. Qb1 Nc7 30. e6 Nxe6 31. Nxf5 Bf6 32. Bd6 Re8 33. Rcd1 Nd4 34. Nxd4 Bxh3 35. Nb5 Bxf1 36. Rxf1 Rxe2 37. Qd3 Re8 38. Bf4 Be5 39. Bxe5 Rxe5 40. f4 Re8 41. f5 Rh6 42. Qxd5 Rd8 43. Qg2 Qd7 44. a4 Qc6 45. h4 Kg8 46. Kh2 Qxg2+ 47. Kxg2 Rd2+ 48. Kf3 Rf6 49. Ke4 Re2+ 50. Kd5 g6 51. g4 h5 52. Nc3 Re3 53. Ne4 Rf8 54. Ng5 Rf6 55. Ne4 Rf8 56. Ng5 Rf6 57. Ne4 Rxe4 58. Kxe4 hxg4 59. Rd1 gxf5+ 60. Kf4 Kg7 61. Rd7+ Kg6 62. Rd8 Kh5 63. Rd1 Rg6 64. Rg1 Rg8 65. Rg2 Rd8 66. Kxf5 Rf8+ 67. Ke4 Kxh4 68. Rh2+ Kg3 69. Rh6 Rf4+ 70. Kd3 Rb4 71. Kc3 Kg2 72. Rf6 g3 73. Rd6 Kh2 0-1

[Event "Kavala op 27th"]
[Site "Kavala"]
[Date "2018.08.07"]
[Round "4"]
[White "Dorfanis, Ilarion"]
[Black "Danielian, Elina"]
[Result "0-1"]
[WhiteElo "2183"]
[BlackElo "2419"]
[PlyCount "98"]
[EventDate "2018.08.05"]
[EventType "swiss"]
[EventRounds "9"]
[EventCountry "GRE"]
[SourceTitle "CBM 186 Extra"]
[Source "ChessBase"]
[SourceDate "2018.08.24"]
[SourceVersion "1"]
[SourceVersionDate "2018.08.24"]
[SourceQuality "1"]

1. Nf3 e6 2. c4 Nf6 3. Nc3 c5 4. g3 b6 5. Bg2 Bb7 6. 0-0 Be7 7. d4 cxd4 8. Qxd4 Nc6 9. Qd1 0-0 10. Bf4 d6 11. Rc1 Rc8 12. Nb5 d5 13. Nfd4 Nxd4 14. Nxd4 Qd7 15. cxd5 Rxc1 16. Bxc1 Bxd5 17. Bxd5 Qxd5 18. Qa4 Bc5 19. Nb3 b5 20. Qf4 Bb6 21. Bd2 Rd8 22. Qf3 Ne4 23. Be3 h5 24. Bxb6 axb6 25. h4 b4 26. Rc1 Ra8 27. Ra1 g6 28. Kg2 Kg7 29. e3 Ra7 30. Rd1 Qe5 31. Rd4 Nf6 32. Nc1 Qc7 33. Nd3 e5 34. Rxb4 Qd6 35. e4 Rxa2 36. Rb5 Ng4 37. Rd5 Qc7 38. Qe2 Qc4 39. f3 Nf6 40. Rxe5 Ra1 41. Rg5 Nd7 42. Qd2 Nc5 43. Ne1 Nb3 44. Qe3 Rb1 45. Rd5 Rxb2+ 46. Kg1 Re2 47. Qd3 Rxe1+ 48. Kf2 Qxd3 49. Rxd3 Rb1 0-1

[Event "Kavala op 27th"]
[Site "Kavala"]
[Date "2018.08.06"]
[Round "3"]
[White "Hasangatin, Ramil"]
[Black "Dorfanis, Ilarion"]
[Result "1-0"]
[WhiteElo "2491"]
[BlackElo "2183"]
[PlyCount "129"]
[EventDate "2018.08.05"]
[EventType "swiss"]
[EventRounds "9"]
[EventCountry "GRE"]
[SourceTitle "CBM 186 Extra"]
[Source "ChessBase"]
[SourceDate "2018.08.24"]
[SourceVersion "1"]
[SourceVersionDate "2018.08.24"]
[SourceQuality "1"]

1. e4 e5 2. Nf3 Nc6 3. Bb5 Nf6 4. d3 Bc5 5. Bxc6 dxc6 6. Bg5 Qd6 7. Nbd2 Nd7 8. Nc4 Qg6 9. 0-0 f6 10. Be3 Bxe3 11. fxe3 Nb6 12. Na5 Bh3 13. Nh4 Qg5 14. Nxb7 Bc8 15. Nf5 Bxf5 16. exf5 Qxe3+ 17. Kh1 0-0 18. Qf3 Nd5 19. Na5 Qxf3 20. Rxf3 Rab8 21. b3 Nc3 22. d4 Nb5 23. dxe5 fxe5 24. Nxc6 e4 25. Re3 Rbe8 26. c4 Nd6 27. g4 h5 28. c5 Nb7 29. b4 hxg4 30. Nxa7 Rxf5 31. Nb5 Rf2 32. Nc3 Re6 33. Kg1 Rb2 34. Rb1 Rc2 35. Rbe1 Rh6 36. R1e2 Rc1+ 37. Kg2 Rf6 38. Nxe4 Rff1 39. Kg3 Rg1+ 40. Kh4 Nd8 41. Ng5 Rcf1 42. Rg3 Rh1 43. Kxg4 Rf8 44. Rf3 Rg1+ 45. Kh4 Rxf3 46. Nxf3 Rf1 47. Ng5 Kf8 48. a3 Nc6 49. Re3 Rg1 50. Nf3 Rg2 51. Kh3 Rg6 52. Ne5 Rh6+ 53. Kg2 Re6 54. Ng4 Rg6 55. h3 Ne7 56. b5 Nd5 57. Rf3+ Ke7 58. Kf2 Rg5 59. a4 Nb4 60. Rb3 Rf5+ 61. Kg3 Nd5 62. a5 Nf4 63. a6 Ne2+ 64. Kh2 Nd4 65. a7 1-0

[Event "Athens Georgiou op 1st"]
[Site "Athens"]
[Date "2017.09.10"]
[Round "8"]
[White "Nikolov, Momchil"]
[Black "Dorfanis, Ilarion"]
[Result "1-0"]
[WhiteElo "2560"]
[BlackElo "2155"]
[PlyCount "69"]
[EventDate "2017.09.04"]
[EventType "swiss"]
[EventRounds "9"]
[EventCountry "GRE"]
[SourceTitle "CBM 180 Extra"]
[Source "ChessBase"]
[SourceDate "2017.10.06"]
[SourceVersion "1"]
[SourceVersionDate "2017.10.06"]
[SourceQuality "1"]

1. Nf3 d5 2. d4 Nf6 3. c4 e6 4. Nc3 Bb4 5. cxd5 exd5 6. Bg5 h6 7. Bh4 0-0 8. e3 c5 9. dxc5 Nbd7 10. Rc1 Qa5 11. a3 Bxc3+ 12. Rxc3 Ne4 13. b4 Nxc3 14. Qa1 Qa4 15. Qxc3 a5 16. b5 Re8 17. Bd3 Ne5 18. Nxe5 Qxh4 19. Nf3 Qh5 20. 0-0 Bh3 21. Ne1 Bf5 22. Bxf5 Qxf5 23. Nf3 Re4 24. Nd4 Qf6 25. a4 g6 26. c6 bxc6 27. bxc6 Qd6 28. Rb1 Re7 29. Rb5 Rea7 30. g3 Kh7 31. Rb7 Qe5 32. Qc5 Rxb7 33. cxb7 Re8 34. Qc8 Qb8 35. Qd7 1-0

[Event "Skopje Karposh op"]
[Site "Skopje"]
[Date "2017.04.03"]
[Round "4"]
[White "Zlatanovic, Boroljub"]
[Black "Dorfanis, Ilarion"]
[Result "0-1"]
[WhiteElo "2402"]
[BlackElo "2164"]
[PlyCount "88"]
[EventDate "2017.04.01"]
[EventType "swiss"]
[EventRounds "9"]
[EventCountry "MKD"]
[SourceTitle "CBM 177 Extra"]
[Source "ChessBase"]
[SourceDate "2017.04.27"]
[SourceVersion "1"]
[SourceVersionDate "2017.04.27"]
[SourceQuality "1"]

1. e4 c5 2. g3 d5 3. exd5 Qxd5 4. Nf3 Bg4 5. Bg2 Qe6+ 6. Kf1 Nc6 7. d3 Qd7 8. Be3 e6 9. Nbd2 Rd8 10. h3 Bh5 11. g4 Bg6 12. Nc4 f6 13. Qe2 b6 14. Rd1 Nge7 15. Nh4 Bf7 16. f4 Nd5 17. Nf3 b5 18. Na3 a6 19. Nb1 Bd6 20. f5 0-0 21. fxe6 Qxe6 22. Bc1 Qxe2+ 23. Kxe2 Nf4+ 24. Bxf4 Bxf4 25. Nc3 Nb4 26. Ne1 Rfe8+ 27. Be4 f5 28. gxf5 Bh5+ 29. Nf3 Nxc2 30. Kf2 Be3+ 31. Kg3 Nd4 32. Rhe1 Bxf3 33. Bxf3 Nxf5+ 34. Kg4 g6 35. Be4 Bf2 36. Bd5+ Kg7 37. Rxe8 Rxe8 38. Kf3 Bd4 39. Be4 Ne3 40. Rh1 Rf8+ 41. Ke2 b4 42. Na4 Ng2 43. Bf3 Nh4 44. Rf1 Nf5 0-1

[Event "Nea Moudania op 2nd"]
[Site "Nea Moudania"]
[Date "2016.08.28"]
[Round "7"]
[White "Nadj Hedjesi, Balind"]
[Black "Dorfanis, Ilarion"]
[Result "1/2-1/2"]
[WhiteElo "2318"]
[BlackElo "2124"]
[PlyCount "78"]
[EventDate "2016.08.22"]
[EventType "swiss"]
[EventRounds "9"]
[EventCountry "GRE"]
[SourceTitle "CBM 174 Extra"]
[Source "ChessBase"]
[SourceDate "2016.10.10"]
[SourceVersion "1"]
[SourceVersionDate "2016.10.10"]
[SourceQuality "1"]

1. d4 Nf6 2. Nf3 e6 3. g3 d5 4. Bg2 Be7 5. c4 0-0 6. 0-0 dxc4 7. Qa4 a6 8. Qxc4 b5 9. Qc2 Bb7 10. Bf4 Nc6 11. Rd1 Nb4 12. Qc1 Nbd5 13. Be5 Rc8 14. Nc3 c5 15. Nxd5 Bxd5 16. b3 c4 17. bxc4 Rxc4 18. Qb2 Qa8 19. Ne1 Bxg2 20. Nxg2 Nd5 21. Rac1 Rfc8 22. Rxc4 Rxc4 23. Rc1 Qc6 24. Rxc4 Qxc4 25. e4 Nb4 26. Ne3 Qxa2 27. Qc1 Nd3 28. Qc8+ Bf8 29. Ng4 Qb1+ 30. Kg2 Ne1+ 31. Kf1 Nf3+ 32. Kg2 Nxe5 33. Nxe5 Qxe4+ 34. f3 Qxd4 35. Qc7 Qd2+ 36. Kf1 Qd1+ 37. Kg2 Qd2+ 38. Kf1 Qd1+ 39. Kg2 Qd2+ 1/2-1/2

[Event "Nea Moudania op 2nd"]
[Site "Nea Moudania"]
[Date "2016.08.24"]
[Round "3"]
[White "Dorfanis, Ilarion"]
[Black "Georgiev, Kiril"]
[Result "0-1"]
[WhiteElo "2124"]
[BlackElo "2608"]
[PlyCount "86"]
[EventDate "2016.08.22"]
[EventType "swiss"]
[EventRounds "9"]
[EventCountry "GRE"]
[SourceTitle "CBM 174 Extra"]
[Source "ChessBase"]
[SourceDate "2016.10.10"]
[SourceVersion "1"]
[SourceVersionDate "2016.10.10"]
[SourceQuality "1"]

1. e4 c5 2. Nf3 d6 3. d4 cxd4 4. Nxd4 Nf6 5. Nc3 a6 6. Bg5 e6 7. f4 Qb6 8. Qd2 Qxb2 9. Rb1 Qa3 10. f5 b5 11. Bd3 Be7 12. 0-0 Bd7 13. fxe6 fxe6 14. Nb3 b4 15. Ne2 Nc6 16. Nbd4 Nxd4 17. Nxd4 0-0 18. Qe2 Qa5 19. Be3 Kh8 20. Kh1 Qe5 21. Bg1 a5 22. Nf3 Qh5 23. e5 Nd5 24. Qd2 Nc3 25. Rbe1 d5 26. a3 Rac8 27. axb4 Bxb4 28. Qc1 Ne4 29. Rxe4 dxe4 30. Bxe4 Bb5 31. Rd1 Be2 32. Rd7 Rxf3 33. Bxf3 Bxf3 34. Qf4 Qe8 35. Ra7 Bh5 36. c4 Bg6 37. h3 h6 38. Be3 Ra8 39. Rc7 Qf8 40. Qh4 Qd8 41. Qxd8+ Rxd8 42. c5 Be4 43. c6 Ra8 0-1

[Event "Aegean op 39th"]
[Site "Aghios Kirykos"]
[Date "2016.07.17"]
[Round "9"]
[White "Gamback, Bjorn"]
[Black "Dorfanis, Ilarion"]
[Result "0-1"]
[WhiteElo "2174"]
[BlackElo "2121"]
[PlyCount "68"]
[EventDate "2016.07.11"]
[EventType "swiss"]
[EventRounds "9"]
[EventCountry "GRE"]
[SourceTitle "CBM 173 Extra"]
[Source "ChessBase"]
[SourceDate "2016.08.29"]
[SourceVersion "1"]
[SourceVersionDate "2016.08.29"]
[SourceQuality "1"]

1. d4 Nf6 2. c4 e6 3. Nc3 Bb4 4. e3 0-0 5. Bd3 d5 6. Nge2 b6 7. 0-0 Ba6 8. b3 c5 9. a3 Ba5 10. Na2 dxc4 11. bxc4 Nbd7 12. Bd2 Bxd2 13. Qxd2 e5 14. Rac1 e4 15. Bb1 Ne5 16. Rfd1 Nxc4 17. Qc3 Qe7 18. dxc5 bxc5 19. Ng3 Rad8 20. a4 h5 21. Qa1 h4 22. Nf1 h3 23. Nc3 hxg2 24. Kxg2 Qe6 25. Ba2 Qg4+ 26. Ng3 Nd2 27. Rh1 Qf3+ 28. Kg1 Ng4 29. Nd1 Nb3 30. Qb2 Nxc1 31. Nc3 Ne2+ 32. Qxe2 Bxe2 33. Ngxe4 Nxe3 34. fxe3 Qf1# 0-1